00339nam a2200109Ia 4500008004100000082000800041100002100049245004300070942000600113952009500119999001500214240331s9999 xx 000 0 und d bSHA aShanmugalingam,K 0aNavina araciyal cintanai :b arimukam cL 001040708LaWERCLbWERCLcSSCd2024-03-31l0o 323 SHAp6513r2024-03-31w2024-03-31yL c4728d4728